Welcome to CU Library Online Public Access Catalogue (OPAC)

Familiar quotations : (Record no. 7265)

MARC details
000 -LEADER
fixed length control field 00855pam a2200229 i 4500
001 - CONTROL NUMBER
control field 3244356
005 - DATE AND TIME OF LATEST TRANSACTION
control field 20250813123057.0
008 - FIXED-LENGTH DATA ELEMENTS--GENERAL INFORMATION
fixed length control field 800516s1980 mau 001 0 eng
020 ## - INTERNATIONAL STANDARD BOOK NUMBER
International Standard Book Number 0316082759
020 ## - INTERNATIONAL STANDARD BOOK NUMBER
International Standard Book Number 9780316082754
050 00 - LIBRARY OF CONGRESS CALL NUMBER
Classification number PN6081
Item number .B27 1980
082 00 - DEWEY DECIMAL CLASSIFICATION NUMBER
Classification number 808.88/2
100 1# - MAIN ENTRY--PERSONAL NAME
Personal name Bartlett, John,
Dates associated with a name 1820-1905,
Relator term comp.
245 10 - TITLE STATEMENT
Title Familiar quotations :
Remainder of title a collection of passages, phrases, and proverbs traced to their sources in ancient and modern literature /
Statement of responsibility, etc. John Bartlett ; edited by Emily Morison Beck, and the editorial staff of Little, Brown and Company.
250 ## - EDITION STATEMENT
Edition statement 15th and 125th anniversary ed., rev. and enl.
260 ## - PUBLICATION, DISTRIBUTION, ETC.
Place of publication, distribution, etc. Boston :
Name of publisher, distributor, etc. Little Brown,
Date of publication, distribution, etc. 1980.
300 ## - PHYSICAL DESCRIPTION
Extent lviii, 1540 p. ;
Dimensions 26 cm.
500 ## - GENERAL NOTE
General note Includes indexes.
650 #0 - SUBJECT ADDED ENTRY--TOPICAL TERM
Topical term or geographic name entry element Quotations, English.
700 1# - ADDED ENTRY--PERSONAL NAME
Personal name Beck, Emily Morison.
942 ## - ADDED ENTRY ELEMENTS (KOHA)
Source of classification or shelving scheme Library of Congress Classification
Koha item type Reference
Suppress in OPAC No
999 ## -
-- 7265
-- 7265
Holdings
Withdrawn status Lost status Source of classification or shelving scheme Damaged status Not for loan Collection Home library Current library Shelving location Date acquired Total checkouts Full call number Barcode Date last seen Copy number Price effective from Koha item type
    Dewey Decimal Classification     Reference Undergraduate Library (Christ Temple) Undergraduate Library (Christ Temple) General stacks 08/13/2025   PE 6081 BAR ulct00004319 08/13/2025 1 08/13/2025 Reference
© 2023-2024 Copyright: Central University Libraries. All Rights Reserved | Created by: Mahone Tech Office